Catálogo
 En Linea

Los materiales especiales en las bibliotecas / (Registro nro. 20027)

Detalles MARC
000 -CABECERA
campo de control de longitud fija 00719nam a2200193 a 4500
001 - NÚMERO DE CONTROL
campo de control 000020523
005 - FECHA Y HORA DE LA ÚLTIMA TRANSACCIÓN
campo de control 20200930011125.0
008 - DATOS DE LONGITUD FIJA--INFORMACIÓN GENERAL
campo de control de longitud fija 100322s1998 sp a 000 0 spa d
020 ## - NÚMERO INTERNACIONAL ESTÁNDAR DEL LIBRO
Número Internacional Estándar del Libro 8495178095
040 ## - FUENTE DE LA CATALOGACIÓN
Centro catalogador/agencia de origen DO-SdBNP
Lengua de catalogación spa
Centro/agencia transcriptor BNPHU
082 ## - NÚMERO DE LA CLASIFICACIÓN DECIMAL DEWEY
Número de clasificación xxxx
Número de documento/Ítem xxx
245 04 - MENCIÓN DE TÍTULO
Título Los materiales especiales en las bibliotecas /
Mención de responsabilidad, etc. coordinado y dirigido por Carmen Díez Carrera ; prólogo Luis Alberto de Cuenta.
260 ## - PUBLICACIÓN, DISTRIBUCIÓN, ETC.
Lugar de publicación, distribución, etc. España :
Nombre del editor, distribuidor, etc. Trea,
Fecha de publicación, distribución, etc. 1998.
300 ## - DESCRIPCIÓN FÍSICA
Extensión 470 p. ; :
Otras características físicas il. ;
Dimensiones 23 cm.
490 0# - MENCIÓN DE SERIE
Mención de serie Biblioteconomía y administración cultural
Designación de volumen o secuencia 22
700 1# - PUNTO DE ACCESO ADICIONAL--NOMBRE DE PERSONA
Nombre de persona Díez Carrera, Carmen
Término indicativo de función/relación coord.
9 (RLIN) 43243
700 1# - PUNTO DE ACCESO ADICIONAL--NOMBRE DE PERSONA
Nombre de persona Cuenca, Luis Alberto de
Término indicativo de función/relación prol.
9 (RLIN) 43244
830 #0 - PUNTO DE ACCESO ADICIONAL DE SERIE-TÍTULO UNIFORME
Título uniforme Biblioteconomía y administración cultural
Número de parte o sección de la obra 22
9 (RLIN) 43245
Existencias
Estado de retiro Estado de pérdida Restricciones de uso No para préstamo Código de colección Localización permanente Ubicación/localización actual Ubicación en estantería Fecha de adquisición Número de inventario Total de préstamos Signatura topográfica completa Código de barras Fecha visto por última vez Precio válido a partir de Tipo de ítem Koha
      Excluido de préstamo Monografías: Libros y Folletos General General En catalogación 11.10.2017 LF1   xxxx xxx 20523-10 25.06.2020 25.06.2020 No se presta

Con tecnología Koha